000 01005cab a22001935a 4500
001 L151276
008 101013e2010 xxk 000 0 eng d
035 _a(Sirsi) u151276
041 0 _aeng
100 1 _aMcMeeken, Roxane
245 0 4 _aThe hungry years
_bthe year's tables of the UK biggest consultants show that many of them have too many mouths to feed, which means they will face painful choices in the next 12 months
260 _c2010
490 _aBuilding
_v275 (8649) 8 October 2010, 34-59(26)
520 _aTables of the top 250 consultants in 2010; top 100 fee earners; top 100 surveyors; top 100 engineers; top 100 architects; top 50 project managers; top 100 financial performers; and top 100 fastest growing companies; main tables include breakdown of UK and worldwide staff; analysis; comparison of 2009 and 2010 results; predictions for 2011 from five top executives.
590 _aKA
651 4 _aUnited Kingdom
_y
690 _aBUILT ENVIRONMENT-CONSTRUCTION MARKET
942 _n0
999 _c82746
_d82746